Catalog

Record Details

Catalog Search



The child´s right to develop  Cover Image Book Book

The child´s right to develop / by Albert M. Joosten ; edited by Rajendra K. Gupta

Record details

  • Physical Description: 47 stran ; 28 cm
  • Publisher: [San Leandro] : Montessori research and development center, 1995

Available copies

  • 1 of 1 copy available at Common Catalog SPOK.

Holds

  • 0 current holds with 1 total copy.
Show Only Available Copies
Location Call Number / Copy Notes Barcode Shelving Location Status Due Date
Montessori Library KNI0324 4614600324 Chodba Available -

LDR nam a22 i 4500
00146777
003CZ-PrJAB
00520200722064240.0
007ta
008 s1995 xxu e 000 0 eng
035 . ‡a(CZ-PrJAB)46760
035 . ‡a(CZ-PrJAB)46759
040 . ‡aABG312 ‡bcze ‡erda
1001 . ‡aJoosten, Albert M. ‡4aut
24510. ‡aThe child´s right to develop / ‡cby Albert M. Joosten ; edited by Rajendra K. Gupta
264 1. ‡a[San Leandro] : ‡bMontessori research and development center, ‡c1995
300 . ‡a47 stran ; ‡c28 cm
336 . ‡atext ‡btxt ‡2rdacontent
338 . ‡asvazek ‡bnc ‡2rdacarrier
6530 . ‡apráva dětí ‡arozvoj
7001 . ‡aGupta, Rajendra K. ‡4edt
910 . ‡aABG323
901 . ‡a46777 ‡b ‡c46777 ‡tbiblio

Additional Resources